Commercial trucking safety concerns about Mexican trucks remain even as inspection activity increases : report to congressional committees /

Saved in:
Bibliographic Details
Corporate Author: United States. General Accounting Office.
Format: Book
Language:English
Published: Washington, D.C. : Gaithersburg, MD (P.O. Box 6015, Gaithersburg 20884-6015) : The Office ; The Office [distributor, 1997]
Subjects:
Tags: Add Tag
No Tags, Be the first to tag this record!
LEADER 01699nam a2200409Ia 4500
001 007767146-5
005 20020606104010.5
008 980225s1997 dcuab bb f000 0 eng d
035 0 |a ocm38508765 
037 |a 158429  |b GAO (202) 512-6000 (voice); (301) 258-4066 (Fax)  |f paper copy 
040 |a GPO  |c GPO  |d HLS 
043 |a n-us---  |a n-mx--- 
050 1 4 |a GA1.13:RCED-97-68 
074 |a 0546-D (MF) 
086 0 |a GA 1.13:RCED-97-68 
088 |a GAO/RCED-97-68 
088 |a B-271442 
110 1 |a United States.  |b General Accounting Office. 
245 1 0 |a Commercial trucking  |h [microform] :  |b safety concerns about Mexican trucks remain even as inspection activity increases : report to congressional committees /  |c United States General Accounting Office. 
246 3 0 |a Safety concerns about Mexican trucks remain even as inspection activity increases 
260 |a Washington, D.C. :  |b The Office ;  |a Gaithersburg, MD (P.O. Box 6015, Gaithersburg 20884-6015) :  |b The Office [distributor,  |c 1997] 
300 |a 29 p. :  |b ill., map ;  |c 28 cm. 
500 |a Cover title. 
500 |a Distributed to depository libraries in microfiche. 
500 |a Shipping list no.: 98-0262-M. 
500 |a "April 1997." 
500 |a "GAO/RCED-97-68." 
500 |a "B-271442"--P. 1. 
504 |a Includes bibliographical references. 
650 0 |a Trucking  |z United States  |x Safety measures. 
650 0 |a Trucking  |z Mexico  |x Safety measures. 
650 0 |a Trucking  |v Safety regulations  |z United States. 
650 0 |a Trucking  |v Safety regulations  |z Mexico. 
650 0 |a Trucking  |z United States  |v Safety regulations. 
650 0 |a Trucking  |z Mexico  |v Safety regulations. 
988 |a 20020608 
906 |0 OCLC